<?xml version="1.0" encoding="UTF-8"?>
<collection xmlns="http://www.loc.gov/MARC21/slim">
  <record>
    <leader>00000nam  2200000   4500</leader>
    <controlfield tag="001">INLIS000000000002893</controlfield>
    <controlfield tag="005">20180724150856</controlfield>
    <controlfield tag="008">180724|||||||||   |   |||   |||| ||   | </controlfield>
    <datafield tag="020" ind1=" " ind2=" ">
      <subfield code="a">979537057X</subfield>
    </datafield>
    <datafield tag="035" ind1=" " ind2=" ">
      <subfield code="0">010-0718002893</subfield>
    </datafield>
    <datafield tag="041" ind1=" " ind2=" ">
      <subfield code="a">id</subfield>
    </datafield>
    <datafield tag="082" ind1=" " ind2=" ">
      <subfield code="a">006.6</subfield>
    </datafield>
    <datafield tag="090" ind1=" " ind2=" ">
      <subfield code="a">006.6 Sut p</subfield>
    </datafield>
    <datafield tag="100" ind1=" " ind2=" ">
      <subfield code="a">Sutantyo, Winardi</subfield>
    </datafield>
    <datafield tag="245" ind1=" " ind2=" ">
      <subfield code="a">Panduan Lengkap Quattro Pro 3.0</subfield>
    </datafield>
    <datafield tag="250" ind1=" " ind2=" ">
      <subfield code="a">Ed. 1</subfield>
    </datafield>
    <datafield tag="260" ind1=" " ind2=" ">
      <subfield code="a">Jakarta</subfield>
      <subfield code="b">Elex Media Komputindo</subfield>
      <subfield code="c">1992</subfield>
    </datafield>
    <datafield tag="300" ind1=" " ind2=" ">
      <subfield code="a">xiv; 705 hlm.; ilus; 21 cm</subfield>
    </datafield>
    <datafield tag="500" ind1=" " ind2=" ">
      <subfield code="a">Quattro Pro adalah program spreadsheet generasi baru yang telah memperoleh sambutan luar biasa dari pemakai spreadsheet di seluruh dunia, program ini sangat inovatif dan memiliki berbagai kemampuan yang canggih.&#13;
Buku ini merupakan panduan praktis penggunaan Quattro Pro 3.0. Susunan buku sedemikian rupa hingga pemula secara bertahap dapat meningkatkan kemampuannya menggunakan Quattro Pro. Berbagai contoh aplikasi diberikan dengan disertai teknik penyelesaiannya.</subfield>
    </datafield>
    <datafield tag="650" ind1=" " ind2=" ">
      <subfield code="a">Program Komputer</subfield>
    </datafield>
  </record>
</collection>
